<?xml version="1.0" encoding="UTF-8"?><?xml-stylesheet type="text/xsl" href="static/style.xsl"?><OAI-PMH xmlns="http://www.openarchives.org/OAI/2.0/" xmlns:xsi="http://www.w3.org/2001/XMLSchema-instance" xsi:schemaLocation="http://www.openarchives.org/OAI/2.0/ http://www.openarchives.org/OAI/2.0/OAI-PMH.xsd"><responseDate>2026-04-17T10:26:22Z</responseDate><request verb="GetRecord" identifier="oai:riubu.ubu.es:10259/7604" metadataPrefix="marc">https://riubu.ubu.es/oai/request</request><GetRecord><record><header><identifier>oai:riubu.ubu.es:10259/7604</identifier><datestamp>2023-04-20T11:32:57Z</datestamp><setSpec>com_10259_4313</setSpec><setSpec>com_10259_5086</setSpec><setSpec>com_10259_2604</setSpec><setSpec>col_10259_4314</setSpec></header><metadata><record xmlns="http://www.loc.gov/MARC21/slim" xmlns:doc="http://www.lyncode.com/xoai" xmlns:xsi="http://www.w3.org/2001/XMLSchema-instance" xmlns:dcterms="http://purl.org/dc/terms/" xsi:schemaLocation="http://www.loc.gov/MARC21/slim http://www.loc.gov/standards/marcxml/schema/MARC21slim.xsd">
<leader>00925njm 22002777a 4500</leader>
<datafield tag="042" ind1=" " ind2=" ">
<subfield code="a">dc</subfield>
</datafield>
<datafield tag="720" ind1=" " ind2=" ">
<subfield code="a">Aguado, Roberto</subfield>
<subfield code="e">author</subfield>
</datafield>
<datafield tag="720" ind1=" " ind2=" ">
<subfield code="a">Santos, A. Rita M. G.</subfield>
<subfield code="e">author</subfield>
</datafield>
<datafield tag="720" ind1=" " ind2=" ">
<subfield code="a">Vallejos Calzada, Saúl</subfield>
<subfield code="e">author</subfield>
</datafield>
<datafield tag="720" ind1=" " ind2=" ">
<subfield code="a">Valente, Artur J. M.</subfield>
<subfield code="e">author</subfield>
</datafield>
<datafield tag="260" ind1=" " ind2=" ">
<subfield code="c">2022-05</subfield>
</datafield>
<datafield tag="520" ind1=" " ind2=" ">
<subfield code="a">Although it is well-known that nitroaromatic compounds quench the fluorescence of&#xd;
different conjugated polymers and form colored Meisenheimer complexes with proper nucleophiles,&#xd;
the potential of paper as a substrate for those macromolecules can be further developed. This work&#xd;
undertakes this task, impregnating paper strips with a fluorene-phenylene copolymer with quaternary&#xd;
ammonium groups, a bisfluorene-based cationic polyelectrolyte, and poly(2-(dimethylamino)ethyl&#xd;
methacrylate) (polyDMAEMA). Cationic groups make the aforementioned polyfluorenes attachable&#xd;
to paper, whose surface possesses a slightly negative charge and avoid interference from cationic&#xd;
quenchers. While conjugated polymers had their fluorescence quenched with nitroaromatic vapors&#xd;
in a non-selective way, polyDMAEMA-coated papers had a visual response that was selective to&#xd;
2,4,6-trinitrotoluene (TNT), and that could be easily identified, and even quantified, under natural&#xd;
light. Far from implying that polyfluorenes should be ruled out, it must be taken into account that&#xd;
TNT-filled mines emit vapors from 2,4-dinitrotoluene (DNT) and dinitrobenzene isomers, which&#xd;
are more volatile than TNT itself. Atmospheres with only 790 ppbv TNT or 277 ppbv DNT were&#xd;
enough to trigger a distinguishable response, although the requirement for certain exposure times is&#xd;
an important limitation.</subfield>
</datafield>
<datafield tag="024" ind2=" " ind1="8">
<subfield code="a">http://hdl.handle.net/10259/7604</subfield>
</datafield>
<datafield tag="024" ind2=" " ind1="8">
<subfield code="a">10.3390/molecules27092900</subfield>
</datafield>
<datafield tag="024" ind2=" " ind1="8">
<subfield code="a">1420-3049</subfield>
</datafield>
<datafield ind1=" " ind2=" " tag="653">
<subfield code="a">Cellulose</subfield>
</datafield>
<datafield ind1=" " ind2=" " tag="653">
<subfield code="a">Explosive detection</subfield>
</datafield>
<datafield ind1=" " ind2=" " tag="653">
<subfield code="a">Meisenheimer complex</subfield>
</datafield>
<datafield ind1=" " ind2=" " tag="653">
<subfield code="a">Nitroaromatics</subfield>
</datafield>
<datafield ind1=" " ind2=" " tag="653">
<subfield code="a">Paper analytical devices</subfield>
</datafield>
<datafield ind1=" " ind2=" " tag="653">
<subfield code="a">Polyfluorenes</subfield>
</datafield>
<datafield tag="245" ind1="0" ind2="0">
<subfield code="a">Paper-Based Probes with Visual Response to Vapors from Nitroaromatic Explosives: Polyfluorenes and Tertiary Amines</subfield>
</datafield>
</record></metadata></record></GetRecord></OAI-PMH>